Если я любви желаю (Запись № 13550486)
[ простой вид ]
| 000 -МАРКЕР | |
|---|---|
| контрольное поле | 03229ncm0a2200517 4500 |
| 001 - ИДЕНТИФИКАТОР ЗАПИСИ | |
| контрольное поле | RU\NLR\ONIZ\293028 |
| 005 - ИДЕНТИФИКАТОР ВЕРСИИ | |
| контрольное поле | 20260215045230.0 |
| 035 ## - ДРУГИЕ СИСТЕМНЫЕ НОМЕРА | |
| Идентификатор записи | (NLR Aleph) 022722318 |
| 071 20 - ИЗДАТЕЛЬСКИЙ НОМЕР | |
| Номер, присвоенный агентством | Н. 943 Д. |
| 100 ## - ДАННЫЕ ОБЩЕЙ ОБРАБОТКИ | |
| Данные общей обработки | 20221101d1908 u y0rusy50 ca |
| 101 0# - ЯЗЫК РЕСУРСА | |
| Язык текста, звукозаписи и т.д. | немецкий |
| -- | русский |
| 102 ## - СТРАНА ПУБЛИКАЦИИ ИЛИ ПРОИЗВОДСТВА | |
| Страна публикации | российская федерация |
| 125 ## - ПОЛЕ КОДИРОВАННЫХ ДАННЫХ: ЗВУКОЗАПИСИ И НОТНЫЕ ИЗДАНИЯ | |
| Форма изложения нотного текста | a| |
| 128 ## - ПОЛЕ КОДИРОВАННЫХ ДАННЫХ: МУЗЫКАЛЬНАЯ ФОРМА, ТОНАЛЬНОСТЬ И ЛАД | |
| Музыкальная форма | wz |
| -- | opt |
| 145 0# - ПОЛЕ КОДИРОВАННЫХ ДАННЫХ: СРЕДСТВО ИСПОЛНЕНИЯ МУЗЫКАЛЬНОГО ПРОИЗВЕДЕНИЯ (УСТАРЕВШЕЕ) | |
| Тип средства исполнения | c |
| 200 1# - ЗАГЛАВИЕ И СВЕДЕНИЯ ОБ ОТВЕТСТВЕННОСТИ | |
| Основное заглавие | Если я любви желаю |
| Общее обозначение материала | Ноты |
| Сведения, относящиеся к заглавию | вальс из оперетты "Король" |
| Параллельное заглавие | Will ich einen Liebsten haben |
| Сведения, относящиеся к заглавию | Walzerlied aus der Operette "Die Förster-Christel" |
| -- | [для голоса и фортепиано] |
| Язык параллельного заглавия | немецкий |
| Первые сведения об ответственности | Г. Ярно |
| Последующие сведения об ответственности | слова М. Г. Ярона |
| 203 ## - ВИД СОДЕРЖАНИЯ И ТИП СРЕДСТВА | |
| Вид содержания | Музыка |
| Дополнительные сведения об издании | знаковая |
| -- | визуальная |
| Тип средства | непосредственная |
| 210 ## - ПУБЛИКАЦИЯ, РАСПРОСТРАНЕНИЕ И ДР. | |
| Место издания, распространения и т.д. | С.-Петербург |
| Имя издателя, распространителя и т. д. | Николай Христианович Давингоф |
| Дата издания, распространения и т.д. | [1908] |
| 215 ## - ФИЗИЧЕСКАЯ ХАРАКТЕРИСТИКА | |
| Специфическое обозначение материала и объем | 5 с. |
| Другие сведения о физической характеристике | фотопортр., цв. ил. |
| Размеры | 31 см |
| 225 1# - СЕРИЯ | |
| Основное заглавие серии | Король |
| Сведения, относящиеся к заглавию | оперетка |
| Сведения об ответственности | музыка Г. Ярно |
| Обозначение тома | [№] 6 |
| 300 ## - ОБЩИЕ ПРИМЕЧАНИЯ | |
| Текст примечания | Фотопортр. Н. Ф. Монахова: тит. л. |
| 300 ## - ОБЩИЕ ПРИМЕЧАНИЯ | |
| Текст примечания | На тит. л. реклама вок. номера из оперетты "Король" Г. Ярно "Сердца горят" |
| 300 ## - ОБЩИЕ ПРИМЕЧАНИЯ | |
| Текст примечания | Просп. сер.: тит. л. |
| 300 ## - ОБЩИЕ ПРИМЕЧАНИЯ | |
| Текст примечания | Перед нот. текстом: Ф. Ф. 172, т. е. серия "Frou-frou № 172" |
| 313 ## - ПРИМЕЧАНИЯ, ОТНОСЯЩИЕСЯ К ТЕМАТИЧЕСКОМУ ДОСТУПУ | |
| Текст примечания | Систематизация документа проведена по изданию - Методика классифицирования музыкальных произведений (нотных изданий) по таблицам Библиотечно-библиографических классификаций : метод. рекомендации / Гос. б-ка СССР им. В.И. Ленина.- М., 1977. Индексу ББК методических рекомендаций присваивается код ББК для научных библиотек - LBC/SL |
| 500 00 - УНИФИЦИРОВАННОЕ ЗАГЛАВИЕ | |
| Унифицированное заглавие | Король |
| Общее обозначение материала | Ноты |
| Сведения, относящиеся к заглавию/сведения о виде, жанре, характере документа | Оперетта |
| 606 1# - НАИМЕНОВАНИЕ ТЕМЫ КАК ПРЕДМЕТ | |
| Наименование темы | Вокальная музыка венгерская |
| Хронологический подзаголовок | 19-20 вв. |
| Формальный подзаголовок | Ноты |
| Код системы | nlr_sh |
| 606 1# - НАИМЕНОВАНИЕ ТЕМЫ КАК ПРЕДМЕТ | |
| Наименование темы | Музыка оперетт вокальная |
| Географический подзаголовок | Венрия |
| Хронологический подзаголовок | 19-20 вв. |
| Формальный подзаголовок | Ноты |
| Код системы | nlr_sh |
| 606 1# - НАИМЕНОВАНИЕ ТЕМЫ КАК ПРЕДМЕТ | |
| Наименование темы | Вальсы вокальные |
| Географический подзаголовок | Венгрия |
| Хронологический подзаголовок | 19-20 вв. |
| Формальный подзаголовок | Ноты |
| Код системы | nlr_sh |
| 606 1# - НАИМЕНОВАНИЕ ТЕМЫ КАК ПРЕДМЕТ | |
| Наименование темы | Арии из оперетт |
| Географический подзаголовок | Венгрия |
| Хронологический подзаголовок | 19-20 вв. |
| Формальный подзаголовок | Ноты |
| Код системы | nlr_sh |
| 686 0# - ИНДЕКСЫ ДРУГИХ КЛАССИФИКАЦИЙ | |
| Индекс | Щ943.4-42-071(4Вн) |
| 700 #1 - ИМЯ ЛИЦА - ПЕРВИЧНАЯ ОТВЕТСТВЕННОСТЬ | |
| Системный номер авторитетной/нормативной записи | z01790 |
| Начальный элемент ввода | Ярно |
| Часть имени, кроме начального элемента ввода | Г. |
| Даты | 1868-1920 |
| Расширение инициалов личного имени | Георг |
| Код отношения | Композитор |
| Графика поля | Кириллица |
| 702 #1 - ИМЯ ЛИЦА - ВТОРИЧНАЯ ОТВЕТСТВЕННОСТЬ | |
| Системный номер авторитетной/нормативной записи | z04790 |
| Начальный элемент ввода | Ярон |
| Часть имени, кроме начального элемента ввода | М. Г. |
| Даты | 2-я пол. 19 - нач. 20 в. |
| Расширение инициалов личного имени | Марк Григорьевич |
| Код отношения | Лирик |
| Графика поля | Кириллица |
| 702 #1 - ИМЯ ЛИЦА - ВТОРИЧНАЯ ОТВЕТСТВЕННОСТЬ | |
| Системный номер авторитетной/нормативной записи | z05790 |
| Начальный элемент ввода | Монахов |
| Часть имени, кроме начального элемента ввода | Н. Ф. |
| Дополнения к именам, кроме дат | баритон |
| Даты | 1875-1936 |
| Расширение инициалов личного имени | Николай Федорович |
| Код отношения | Певец |
| Графика поля | Кириллица |
| 790 #1 - ИМЯ ЛИЦА - АЛЬТЕРНАТИВНАЯ ФОРМА | |
| Системный номер авторитетной/нормативной записи | z01700 |
| Начальный элемент ввода | Jarno |
| Часть имени, кроме начального элемента ввода | G. |
| Даты | 1868-1920 |
| Расширение инициалов личного имени | Georg |
| Код отношения | Композитор |
| Графика поля | Латинская |
| 790 #1 - ИМЯ ЛИЦА - АЛЬТЕРНАТИВНАЯ ФОРМА | |
| Системный номер авторитетной/нормативной записи | z04702 |
| Начальный элемент ввода | Jaron |
| Часть имени, кроме начального элемента ввода | M. |
| Даты | 2-я пол. 19 - нач. 20 в. |
| Расширение инициалов личного имени | Mark |
| Код отношения | Лирик |
| Графика поля | Латинская |
| 790 #1 - ИМЯ ЛИЦА - АЛЬТЕРНАТИВНАЯ ФОРМА | |
| Системный номер авторитетной/нормативной записи | z05702 |
| Начальный элемент ввода | Monachov |
| Часть имени, кроме начального элемента ввода | N. |
| Даты | 1875-1936 |
| Расширение инициалов личного имени | Nikolaj |
| Код отношения | Певец |
| Графика поля | Латинская |
| 801 #0 - ИСТОЧНИК ЗАПИСИ | |
| Страна | российская федерация |
| Организация | NLR |
| Дата составления | 20221101 |
| Правила каталогизации | PSBO |
| 801 #1 - ИСТОЧНИК ЗАПИСИ | |
| Страна | российская федерация |
| Организация | NLR |
| Дата составления | 20221101 |
| Источник данных | rusmarc |
| 801 #2 - ИСТОЧНИК ЗАПИСИ | |
| Страна | российская федерация |
| Организация | NLR |
| Дата составления | 20221101 |
| 852 ## - МЕСТОНАХОЖДЕНИЕ И ШИФР ХРАНЕНИЯ | |
| Идентификатор организации | NLR |
| Префикс шифра хранения | М |
| Шифр хранения (Call Number) | К-4/5572 |
| Идентификатор единицы | 269280 |
| Номер экземпляра | 1 |
| 942 ## - ДОПОЛНИТЕЛЬНЫЕ ЭЛЕМЕНТЫ ЗАПИСИ (АБИС) | |
| Тип экземпляра АБИС | Ноты |
| 980 ## - КОЛЛЕКЦИЯ | |
| Название коллекции | Отдел нот и звукозаписей |
| 980 ## - КОЛЛЕКЦИЯ | |
| Название коллекции | Национальная библиография |
Нет доступных экземпляров.